Mathematics with applications in the management, natural and social sciences / (Record no. 2259)
[ view plain ]
| 000 -LEADER | |
|---|---|
| fixed length control field | 00700nam a22002172 4500 |
| 001 - CONTROL NUMBER | |
| control field | 0000003865 |
| 005 - DATE AND TIME OF LATEST TRANSACTION | |
| control field | 20151217145741.0 |
| 008 - FIXED-LENGTH DATA ELEMENTS--GENERAL INFORMATION | |
| fixed length control field | 070515s xx 000 0 eng d |
| 020 ## - INTERNATIONAL STANDARD BOOK NUMBER | |
| International Standard Book Number | 0321016211 : |
| 040 ## - CATALOGING SOURCE | |
| Original cataloging agency | KABU |
| Transcribing agency | KABU |
| 050 #0 - LIBRARY OF CONGRESS CALL NUMBER | |
| Classification number | QA37.2 |
| Item number | .H86 |
| 100 1# - MAIN ENTRY--PERSONAL NAME | |
| Personal name | Hungerford, Thomas W. |
| -- | 0000154071 |
| 245 10 - TITLE STATEMENT | |
| Title | Mathematics with applications in the management, natural and social sciences / |
| Statement of responsibility, etc. | Thomas W. Hungerford, Margaret L. Lial. |
| 260 ## - PUBLICATION, DISTRIBUTION, ETC. (IMPRINT) | |
| Place of publication, distribution, etc. | Reading, Mass. : |
| Name of publisher, distributor, etc. | Addison-Wesley, |
| Date of publication, distribution, etc. | 1999. |
| 300 ## - PHYSICAL DESCRIPTION | |
| Extent | xiii, 793 p. |
| 650 #0 - SUBJECT ADDED ENTRY--TOPICAL TERM | |
| Topical term or geographic name as entry element | Mathematics. |
| -- | 0000148159 |
| 700 1# - ADDED ENTRY--PERSONAL NAME | |
| Personal name | Lial, Margaret L. |
| -- | 0000154072 |
| 908 ## - PUT COMMAND PARAMETER (RLIN) | |
| Put command parameter | 070515 |
| 950 ## - LOCAL HOLDINGS (RLIN) | |
| -- | 1 |
| Withdrawn status | Lost status | Source of classification or shelving scheme | Not for loan | Home library | Current library | Date acquired | Total Checkouts | Full call number | Barcode | Date last seen | Date last checked out | Price effective from | Koha item type |
|---|---|---|---|---|---|---|---|---|---|---|---|---|---|
| Library of Congress Classification | Kabarak, Main Campus | Kabarak, Main Campus | 17/12/2015 | 6 | QA37.2 .H86 | 004662 | 18/11/2019 | 04/11/2019 | 17/12/2015 | General Collection |